| 000 | 01365nam a2200265Ia 4500 | ||
|---|---|---|---|
| 003 | OSt | ||
| 005 | 20210131172909.0 | ||
| 008 | 191128s2006 ck gr 001 0 spa d | ||
| 020 | _a9586535215 | ||
| 040 |
_aCO-JMCR _cCO-JMCR |
||
| 041 | 0 | _aspa | |
| 082 | 0 | 4 |
_a323.445 / _bU689l _223 |
| 100 | 1 |
_aUprimny Yepes, Rodrigo, _eautor _93207 |
|
| 245 | 1 | 0 |
_aLibertad de prensa y derechos fundamentales : _banálisis de la jurisprudencia constitucional en Colombia (1992-2005) / _cRodrigo Uprimny, Adriana fuentes, Catalina Botero (y 1 más) |
| 250 | _aPrimera edición | ||
| 260 |
_aBogotá : _bFundación Konrad Adenauer, _c2006 |
||
| 300 |
_a461 páginas ; _c24 cm + _e1 CD |
||
| 500 | _aIncluye índice cronológico de fichas al final del texto. | ||
| 505 | 0 | _aLa libertad de información en la jurisprudencia Colombiana: una perspectiva analítica y comparada -- Subreglas jurisprudenciales y doctrina constitucional sobre libertad de información en Colombia. | |
| 520 | _a¿Cuál es el alcance concreto de la libertad de prensa? ¿Qué sucede si la libertad de información entra en colisión con otro derecho fundamental de un ciudadano, como la intimidad y el buen nombre? | ||
| 650 | 1 | 4 |
_aLibertad de prensa _xjurisprudencia _zColombia _93208 |
| 700 | 1 |
_aFuentes, Adriana, _eautora _93209 |
|
| 700 | 1 |
_aBotero, Catalina, _eautora _93210 |
|
| 942 |
_2ddc _cBK |
||
| 999 |
_c5219 _d5219 |
||